| 000 | 00872cab a2200253 4500 | ||
|---|---|---|---|
| 001 | WB3335-10 | ||
| 008 | 090401t1997 xxu||||| |||| 00| 0 eng d | ||
| 035 | _a(Sirsi) u80766 | ||
| 041 | _aeng | ||
| 245 | _aProperty entrepreneurs | ||
| 260 | _c1997 | ||
| 350 | _a0 | ||
| 490 |
_aFinancial Times _v10 September 1997, 36(1) |
||
| 520 | _aA number of high-profile entrepreneurs are leaving the companies they helped to build, begging the question whether it is still possible to extract the kind of returns from property companies as this group has done in the past. | ||
| 650 | _aBURFORD HOLDINGS | ||
| 650 | _aENTREPRENEURS | ||
| 650 | _aNICK LESLAU | ||
| 650 | _aPILLAR | ||
| 650 | _aPROPERTY COMPANIES | ||
| 650 | _aRESIGNATIONS | ||
| 690 | _aPROPERTY-COMMERCIAL PROPERTY-COMMERCIAL PROPERTY FINANCE AND INVESTMENT | ||
| 942 | _n0 | ||
| 948 | _c10/09/1997 | ||
| 999 |
_c50857 _d50857 |
||